| 000 | 01161namaa22003011i 4500 | ||
|---|---|---|---|
| 003 | EG-GICUC | ||
| 005 | 20260412110859.0 | ||
| 008 | 260412s1998 ua ||||jr|||| 000 0 ara d | ||
| 017 |
_a97 / 11479 _bدار الكتب والوثائق القومية(مصر) |
||
| 020 | _a9772221543 | ||
| 040 |
_aEG-GiCUC _bara _cEG-GiCUC _dEG-GiCUC _erda |
||
| 082 | 0 | 4 |
_221 _a320.962 _bA2576 |
| 092 | 0 | 4 |
_221 _a320.962 _bA2576 |
| 099 | _a320.962 A2576 | ||
| 100 | 1 |
_aعفيفى، محمد. _eمؤلف. |
|
| 245 | 1 | 0 |
_aدراسات فى تارخ مصر فى القرن العشرين / _cمحمد عفيفى. |
| 264 |
_aالقاهرة : _bدار التقافة العربية، _c1998. |
||
| 300 |
_a148 صفحة _b؛ _c24 سم. |
||
| 336 |
_2rdacontent _atext |
||
| 337 |
_2rdamedia _aUnmediated |
||
| 338 |
_2rdacarrier _avolume |
||
| 504 | _aيشتمل على ارجاعات ببليوجرافية | ||
| 541 |
_aد . جابر عصفور ؛ _bالقاهرة ؛ _cإهداء ؛ _d2024. |
||
| 650 | 1 | 7 |
_aالتاريخ الحديث _yالقرن العشرين _2qrmak |
| 651 | 1 | 7 |
_2qrmak _aمصر _xالسياسة والحكومة |
| 905 | _aNoha | ||
| 942 |
_2ddc _cBK _e21 _n0 |
||
| 999 |
_c179408 _d179408 |
||